| 000 | 00487nam a2200121Ia 4500 | ||
|---|---|---|---|
| 008 | 220216s9999 xx 000 0 und d | ||
| 100 | _aPillay P.N.R. | ||
| 245 | 0 | _aAbnormal leaf fall disease of rubber caused by Phytophthora spp. | |
| 260 |
_bProceedings of the Workshop on Phytophthora disease of Tropical Cultivated Plants, 1980, Central Plantation Crops Research Institute, Kasaragod, India, pp. 17-23. _c1982 |
||
| 650 | _aAbnormal leaf fall | ||
| 650 | _aPhytophthora | ||
| 942 | _cBS | ||
| 999 |
_c50351 _d50351 |
||